| 000 | 01107cam a2200265 a 4500 | ||
|---|---|---|---|
| 999 |
_c2061 _d2061 |
||
| 001 | (Sirsi) a656018 | ||
| 003 | OSt | ||
| 005 | 20230303110329.0 | ||
| 008 | 101108s2010 enka c 000 0 eng d | ||
| 020 | _a9781407107103 (pbk.) : | ||
| 040 |
_aTAE _beng _cTAE _dKH8 |
||
| 042 | _anbic | ||
| 082 | 0 | _a516.15 POS | |
| 100 | 1 |
_aPoskitt, Kjartan. _eauthor |
|
| 245 | 1 | 0 |
_aSavage shapes / _cKjartan Poskitt ; illustrated by Philip Reeve. |
| 260 |
_aLondon : _bScholastic, _c2010. |
||
| 300 |
_a160 p. : _bill. ; _c20 cm. |
||
| 490 | 0 | _aMurderous maths. | |
| 520 | _aUsing a host of hilarious characters, Kjartan Poskitt presents all the tricks, tips and shortcuts to shapes they don't teach at school. Readers will find out how to command respect throughout the entire Universe, learn why the US defence headquarters is a penagon, and discover the quickest way to get a naked Colonel back to his beach hut. | ||
| 521 | 1 | _a9-12. | |
| 650 | 0 |
_aShapes _vJuvenile literature. |
|
| 650 | 0 |
_aGeometrical constructions _vJuvenile literature. |
|
| 700 | 1 |
_aReeve, Philip, _d1966- _eillustrator |
|
| 942 |
_2ddc _cNFIC |
||